| 000 | 00000nam##2200000za#4500 |
| 001 | 9.569636 |
| 003 | CaOODSP |
| 005 | 20210624181849 |
| 007 | cr ||||||||||| |
| 008 | 150406|2009||||xxc|||||o f|0| 0 eng|d |
| 040 | |aCaOODSP|beng |
| 043 | |an-cn--- |
| 086 | 1 |aNH18-1/319-2009E-PDF |
| 110 | 2 |aCanada Mortgage and Housing Corporation. |
| 245 | 10|aInventory & assessment of sustainable community best practice guides for the Canadian housing sector : |h[electronic resource]|bfinal report |
| 246 | 3 |aInventory and assessment of sustainable community best practice guides for the Canadian housing sector = Répertoire et évaluation des guides de pratiques exemplaires pour des collectivités durables à l'intention du secteur canadien de l'habitation |
| 260 | |aOttawa - Ontario : |bCanada Mortgage and Housing Corporation |c2009. |
| 300 | |a279p.|bglossary, graphs, tables |
| 490 | 1 |aResearch report |
| 500 | |aIncludes: Research highlight (Socio-economic series 09-023) under the title "Theory and assessment of sustainable community best practice guides for the Canadian housing sector". -- Y compris: Le point en recherche (Série socio-économique 09-023) sous le titre "Répertoire et évaluation des guides de pratiques exemplaires pour des collectivités durables à l'intention du secteur canadien de l'habitation". |
| 546 | |a(Comprend du texte en français.) |
| 590 | |a11-25-Supp|b2011-10-31 |
| 830 | #0|aResearch report (Canada Mortgage and Housing Corporation : Online)|w(CaOODSP)9.506068 |
| 856 | 40|ahttp://publications.gc.ca|qPDF|s4.24 MB|uhttps://publications.gc.ca/collections/collection_2011/schl-cmhc/nh18-1/NH18-1-319-2009-eng.pdf |